[Event "Mecklenburg VP LL2 Ost 1617"]
[Site "Mecklenburg VP"]
[Date "2016.12.04"]
[Round "4.5"]
[White "Meyer, Detlef"]
[Black "Behrens, Christoph"]
[Result "1/2-1/2"]
[WhiteElo "1775"]
[BlackElo "1583"]
[PlyCount "44"]
[EventDate "2016.10.16"]
[EventType "team-tourn"]
[EventRounds "9"]
[EventCountry "GER"]
[SourceTitle "EXT 2022"]
[Source "ChessBase"]
[SourceDate "2021.10.06"]
[SourceVersion "1"]
[SourceVersionDate "2021.10.06"]
[SourceQuality "1"]
[WhiteTeam "Neubrandenburg SG Eintracht II"]
[BlackTeam "Bergen Rugia"]
[WhiteTeamCountry "GER"]
[BlackTeamCountry "GER"]

1. e4 e5 2. Nf3 Nc6 3. d4 exd4 4. Nxd4 Qf6 5. Be3 Bc5 6. c3 Nge7 7. Bc4 0-0 8. 0-0 Ne5 9. Qe2 d6 10. Nd2 N7g6 11. N2b3 Nh4 12. f3 Qg6 13. Nd2 Bh3 14. Rf2 Nxc4 15. Nxc4 Bxd4 16. cxd4 f5 17. Kh1 Bxg2+ 18. Rxg2 Nxg2 19. Qxg2 Qxg2+ 20. Kxg2 fxe4 21. fxe4 Rae8 22. Nd2 Rf6 1/2-1/2

[Event "Mecklenburg VP LL2 Ost 1516"]
[Site "Mecklenburg VP"]
[Date "2016.02.21"]
[Round "6.2"]
[White "Meyer, Detlef"]
[Black "Van Bentum, Horst"]
[Result "0-1"]
[WhiteElo "1775"]
[BlackElo "1925"]
[PlyCount "126"]
[EventDate "2015.09.20"]
[EventType "team-tourn"]
[EventRounds "9"]
[EventCountry "GER"]
[SourceTitle "EXT 2022"]
[Source "ChessBase"]
[SourceDate "2021.10.06"]
[SourceVersion "1"]
[SourceVersionDate "2021.10.06"]
[SourceQuality "1"]
[WhiteTeam "Neubrandenburg SG Eintracht II"]
[BlackTeam "Graal Mueritz"]
[WhiteTeamCountry "GER"]
[BlackTeamCountry "GER"]

1. e4 e5 2. Nf3 Nc6 3. Nc3 Nf6 4. d3 Bb4 5. Bd2 d5 6. exd5 Nxd5 7. Nxd5 Bxd2+ 8. Qxd2 Qxd5 9. Be2 0-0 10. 0-0 h6 11. h3 Be6 12. Rfe1 Rad8 13. Qc3 Rfe8 14. a3 Qd6 15. Rad1 Bd5 16. b4 a6 17. Qb2 Be6 18. Bf1 Bc8 19. Nd2 Qg6 20. Kh2 Qf6 21. Kg1 Qg6 22. Kh2 Kh8 23. Nf3 Qd6 24. Kg1 Nd4 25. Nxd4 Qxd4 26. Qxd4 exd4 27. Be2 Kg8 28. Kf1 Kf8 29. Bf3 Rxe1+ 30. Kxe1 Re8+ 31. Kd2 Re5 32. Re1 Rxe1 33. Kxe1 b6 34. Bc6 Ke7 35. Kd2 Kd6 36. Be8 Be6 37. a4 a5 38. bxa5 bxa5 39. Bb5 Kc5 40. c3 Bd5 41. f3 c6 42. Ba6 Bb3 43. f4 Bxa4 44. Bc4 f6 45. g4 Bb5 46. Bf7 g5 47. fxg5 hxg5 48. Bg8 Ba6 49. Bf7 Bc8 50. Be8 dxc3+ 51. Kxc3 Be6 52. Bg6 Bd5 53. Bf5 Bg2 54. Bc8 Bxh3 55. d4+ Kd5 56. Bf5 Bf1 57. Bd7 c5 58. dxc5 Kxc5 59. Be8 Be2 60. Bd7 Kd6 61. Bf5 Ke5 62. Kd2 Bc4 63. Ke3 Be6 0-1

[Event "Mecklenburg VP LL2 Ost 1516"]
[Site "Mecklenburg VP"]
[Date "2015.12.13"]
[Round "4.3"]
[White "Rickmann, Niklas"]
[Black "Meyer, Detlef"]
[Result "0-1"]
[WhiteElo "1686"]
[BlackElo "1775"]
[PlyCount "70"]
[EventDate "2015.09.20"]
[EventType "team-tourn"]
[EventRounds "9"]
[EventCountry "GER"]
[SourceTitle "EXT 2022"]
[Source "ChessBase"]
[SourceDate "2021.10.06"]
[SourceVersion "1"]
[SourceVersionDate "2021.10.06"]
[SourceQuality "1"]
[WhiteTeam "Stralsund FHSG II"]
[BlackTeam "Neubrandenburg SG Eintracht II"]
[WhiteTeamCountry "GER"]
[BlackTeamCountry "GER"]

1. e4 e6 2. d4 d5 3. exd5 exd5 4. Bd3 Nf6 5. Nf3 Be6 6. 0-0 Bd6 7. Bg5 Nbd7 8. c3 0-0 9. Qc2 h6 10. Be3 c5 11. Qd2 c4 12. Bc2 Ng4 13. h3 Nxe3 14. fxe3 Nf6 15. b3 b5 16. Qf2 Qc7 17. bxc4 bxc4 18. Nbd2 Bg3 19. Qe2 Qa5 20. e4 Qxc3 21. Rfc1 Qa3 22. exd5 Bxd5 23. Nxc4 Bxc4 24. Qxc4 Qe3+ 25. Kh1 Bf4 26. Rf1 Nh5 27. g4 Ng3+ 28. Kg2 Nxf1 29. Rxf1 Rac8 30. Qa4 Rc3 31. d5 Rfc8 32. Bf5 Ra3 33. Qxa3 Qxa3 34. Bxc8 Qxa2+ 35. Rf2 Qxd5 0-1

[Event "Mecklenburg VP LL2 Ost 1314"]
[Site "Mecklenburg VP"]
[Date "2014.02.23"]
[Round "6.7"]
[White "Nickel, Udo"]
[Black "Meyer, Detlef"]
[Result "1-0"]
[WhiteElo "1675"]
[BlackElo "1827"]
[PlyCount "77"]
[EventDate "2013.10.27"]
[EventType "team-tourn"]
[EventRounds "9"]
[EventCountry "GER"]
[SourceTitle "EXT 2022"]
[Source "ChessBase"]
[SourceDate "2021.10.06"]
[SourceVersion "1"]
[SourceVersionDate "2021.10.06"]
[SourceQuality "1"]
[WhiteTeam "Waterkant Saal SV"]
[BlackTeam "Neubrandenburg SG Eintracht"]
[WhiteTeamCountry "GER"]
[BlackTeamCountry "GER"]

1. d4 d5 2. c4 c6 3. Nf3 Nf6 4. Nc3 Bg4 5. e3 e6 6. h3 Bxf3 7. Qxf3 Bb4 8. Qd1 0-0 9. a3 Bxc3+ 10. bxc3 Ne4 11. Qc2 Nd7 12. cxd5 exd5 13. Bd3 Ndf6 14. 0-0 Re8 15. c4 Rc8 16. Qb3 Re7 17. a4 Qa5 18. Rd1 dxc4 19. Bxc4 Qf5 20. Qb2 b5 21. Bd3 Qh5 22. Be2 Qf5 23. Bf3 a6 24. Bd2 Nd6 25. Bb4 Nc4 26. Qc3 Ree8 27. axb5 axb5 28. Ra6 Nd5 29. Bxd5 cxd5 30. Bc5 Ra8 31. Rda1 Rxa6 32. Rxa6 Qb1+ 33. Kh2 Qf1 34. Qc2 b4 35. Ra7 g6 36. Qa4 Re6 37. Qxb4 Qxf2 38. Qb8+ Kg7 39. Qf8+ 1-0

[Event "Mecklenburg VP VL 1213"]
[Site "Mecklenburg VP"]
[Date "2013.03.17"]
[Round "7.5"]
[White "Podolskiy, Alexander"]
[Black "Meyer, Detlef"]
[Result "1-0"]
[WhiteElo "1886"]
[BlackElo "1817"]
[PlyCount "55"]
[EventDate "2012.10.14"]
[EventType "team-tourn"]
[EventRounds "9"]
[EventCountry "GER"]
[SourceTitle "EXT 2022"]
[Source "ChessBase"]
[SourceDate "2021.10.06"]
[SourceVersion "1"]
[SourceVersionDate "2021.10.06"]
[SourceQuality "1"]
[WhiteTeam "Wismar ASV Gruen-Weiss"]
[BlackTeam "Neubrandenburg SG Eintracht"]
[WhiteTeamCountry "GER"]
[BlackTeamCountry "GER"]

1. e4 e6 2. d4 d5 3. exd5 exd5 4. Bd3 Bd6 5. Ne2 Nf6 6. 0-0 0-0 7. Bf4 Bg4 8. f3 Bd7 9. Bxd6 cxd6 10. c3 Nc6 11. Nd2 Rc8 12. Re1 Re8 13. Nf1 a6 14. Qd2 b5 15. Ne3 Qb6 16. Nf5 Na5 17. Nxg7 Kxg7 18. Qg5+ Kf8 19. Qxf6 Re6 20. Qh8+ Ke7 21. Qxh7 Re8 22. Nf4 Rxe1+ 23. Rxe1+ Kd8 24. Rxe8+ Bxe8 25. Nxd5 Qb7 26. Be4 Nc6 27. Qh4+ Kc8 28. Qh8 1-0

[Event "Mecklenburg VP LL2 Ost 1112"]
[Site "Mecklenburg VP"]
[Date "2012.02.26"]
[Round "7.3"]
[White "Meyer, Detlef"]
[Black "Bohl, Stefan"]
[Result "1/2-1/2"]
[WhiteElo "1802"]
[BlackElo "1914"]
[PlyCount "37"]
[EventDate "2011.10.02"]
[EventType "team-tourn"]
[EventRounds "9"]
[EventCountry "GER"]
[SourceTitle "EXT 2022"]
[Source "ChessBase"]
[SourceDate "2021.10.06"]
[SourceVersion "1"]
[SourceVersionDate "2021.10.06"]
[SourceQuality "1"]
[WhiteTeam "Neubrandenburg SG Eintracht II"]
[BlackTeam "Bergen Rugia"]
[WhiteTeamCountry "GER"]
[BlackTeamCountry "GER"]

1. e4 e5 2. c3 Nc6 3. d4 d6 4. Nf3 Nf6 5. d5 Nb8 6. Bg5 Be7 7. Nbd2 Nxd5 8. Qa4+ Bd7 9. Qb3 Bxg5 10. Nxg5 Qxg5 11. exd5 b6 12. Qc4 Qd8 13. 0-0-0 0-0 14. f4 b5 15. Qd3 exf4 16. g3 f3 17. Qxf3 a5 18. Bd3 Na6 19. h4 1/2-1/2

[Event "Mecklenburg VP LL2 Ost 1011"]
[Site "Mecklenburg VP"]
[Date "2010.11.14"]
[Round "3.3"]
[White "Meyer, Detlef"]
[Black "Goretzki, Norbert"]
[Result "1-0"]
[WhiteElo "1757"]
[BlackElo "1771"]
[PlyCount "149"]
[EventDate "2010.10.10"]
[EventType "team-tourn"]
[EventRounds "9"]
[EventCountry "GER"]
[SourceTitle "EXT 2022"]
[Source "ChessBase"]
[SourceDate "2021.10.06"]
[SourceVersion "1"]
[SourceVersionDate "2021.10.06"]
[SourceQuality "1"]
[WhiteTeam "Neubrandenburg SG Eintracht II"]
[BlackTeam "Stralsund FHSG II"]
[WhiteTeamCountry "GER"]
[BlackTeamCountry "GER"]

1. e4 e5 2. Nf3 d6 3. d4 exd4 4. Nxd4 Nc6 5. Bc4 Ne5 6. Bb3 Nf6 7. Nc3 Be7 8. Bg5 h6 9. Bh4 0-0 10. a3 a6 11. Qd2 b5 12. 0-0-0 Nxe4 13. Bxe7 Nxd2 14. Bxd8 Nxb3+ 15. Nxb3 Rxd8 16. Nd5 Rd7 17. Na5 Rb8 18. Rhe1 Bb7 19. Nb4 Bxg2 20. Rxe5 c5 21. Rxc5 dxc5 22. Rxd7 cxb4 23. axb4 Rb6 24. Kd2 Rf6 25. Ke3 g5 26. Nb3 Re6+ 27. Kd2 Rf6 28. Ke1 Re6+ 29. Kd2 Bf1 30. Nd4 Rf6 31. Ke3 g4 32. Rc7 Bg2 33. Rc5 Kh7 34. Rf5 Kg6 35. Rxf6+ Kxf6 36. Kf4 h5 37. Nb3 Bb7 38. Nc5 Bc8 39. Ne4+ Ke6 40. Kg5 Kd5 41. Kf4 Ke6 42. b3 f6 43. c4 Ke7 44. Ng3 Be6 45. cxb5 axb5 46. Nxh5 Kf7 47. Ng3 Kg6 48. Ne4 Bxb3 49. Nd6 Ba4 50. Kxg4 Bd1+ 51. Kf4 Be2 52. Ke3 Bf1 53. Ne4 Bg2 54. f3 Bh3 55. Kf4 Kg7 56. Nd6 Bf1 57. Ke4 Kg6 58. h4 Be2 59. Kf4 Kh5 60. Ne4 Kg6 61. h5+ Kg7 62. Ng3 Bd3 63. Nf5+ Kf7 64. Nd4 Kg7 65. Ke3 Bc4 66. Nf5+ Kh7 67. Nd6 Bf1 68. Ne8 Kh6 69. Nxf6 Kg5 70. Ne4+ Kh6 71. Ng3 Bc4 72. f4 Bf7 73. Ke4 Bb3 74. Ke5 Kg7 75. Nf5+ 1-0

[Event "Mecklenburg VP LL 0910"]
[Site "Mecklenburg VP"]
[Date "2010.03.21"]
[Round "8.8"]
[White "Meyer, Detlef"]
[Black "Schleese, Wolfgang"]
[Result "1/2-1/2"]
[WhiteElo "1793"]
[BlackElo "1311"]
[PlyCount "71"]
[EventDate "2009.10.18"]
[EventType "team-tourn"]
[EventRounds "9"]
[EventCountry "GER"]
[SourceTitle "EXT 2016"]
[Source "ChessBase"]
[SourceDate "2015.10.08"]
[SourceVersion "1"]
[SourceVersionDate "2015.10.08"]
[SourceQuality "1"]
[WhiteTeam "Neubrandenburg SG Eintracht"]
[BlackTeam "Wismar ASV Gruen-Weiss"]
[WhiteTeamCountry "GER"]
[BlackTeamCountry "GER"]

1. e4 c5 2. Ne2 d6 3. g3 g6 4. Bg2 Bg7 5. c3 Nc6 6. 0-0 Nf6 7. d4 cxd4 8. cxd4 0-0 9. Nbc3 e6 10. Bg5 h6 11. Bc1 a6 12. f3 Qc7 13. Be3 b5 14. Rc1 Qd7 15. Qd2 Kh7 16. Rfd1 d5 17. exd5 Nxd5 18. Nxd5 exd5 19. Rc5 Bb7 20. Rdc1 Rac8 21. Nf4 Ne7 22. Bh3 Nf5 23. Nd3 Qe6 24. Rxc8 Rxc8 25. Re1 Qf6 26. Qf2 Rc7 27. Bf4 Rc4 28. Be5 Qb6 29. Bxf5 gxf5 30. b3 Rc6 31. Bxg7 Kxg7 32. Re5 Rf6 33. Nc5 Qc6 34. Qe3 Bc8 35. b4 Be6 36. Qa3 1/2-1/2

[Event "Mecklenburg VP LL 0910"]
[Site "Mecklenburg VP"]
[Date "2010.02.28"]
[Round "7.8"]
[White "Fechner, Frank"]
[Black "Meyer, Detlef"]
[Result "1/2-1/2"]
[WhiteElo "1797"]
[BlackElo "1793"]
[PlyCount "69"]
[EventDate "2009.10.18"]
[EventType "team-tourn"]
[EventRounds "9"]
[EventCountry "GER"]
[SourceTitle "EXT 2016"]
[Source "ChessBase"]
[SourceDate "2015.10.08"]
[SourceVersion "1"]
[SourceVersionDate "2015.10.08"]
[SourceQuality "1"]
[WhiteTeam "Ludwigslust Post SV"]
[BlackTeam "Neubrandenburg SG Eintracht"]
[WhiteTeamCountry "GER"]
[BlackTeamCountry "GER"]

1. c4 c5 2. Nc3 Nc6 3. g3 Nf6 4. Bg2 d6 5. e3 Nb4 6. d3 Bf5 7. e4 Bg4 8. f3 Bd7 9. Be3 Rc8 10. Nge2 e6 11. 0-0 Be7 12. Qd2 0-0 13. g4 d5 14. Bf4 Qb6 15. e5 Ne8 16. a3 Bc6 17. Kh1 Na6 18. Bg3 Rd8 19. Qc2 Nb8 20. f4 f6 21. Ng1 dxc4 22. dxc4 fxe5 23. fxe5 Rd4 24. Rxf8+ Bxf8 25. Ne4 Qd8 26. Bf2 Bxe4 27. Bxe4 Rd2 28. Bxh7+ Kh8 29. Qg6 Nd7 30. Be3 Rxb2 31. Nf3 Qc8 32. Qxe6 Kxh7 33. Ng5+ Kh8 34. Nf7+ Kh7 35. Ng5+ 1/2-1/2

[Event "Mecklenburg VP LL2 Ost 0809"]
[Site "Mecklenburg VP"]
[Date "2008.10.05"]
[Round "1.2"]
[White "Meyer, Detlef"]
[Black "Dupke, Andreas"]
[Result "1/2-1/2"]
[WhiteElo "1727"]
[BlackElo "1735"]
[PlyCount "147"]
[EventDate "2008.09.28"]
[EventType "team-tourn"]
[EventRounds "9"]
[EventCountry "GER"]
[SourceTitle "EXT 2022"]
[Source "ChessBase"]
[SourceDate "2021.10.06"]
[SourceVersion "1"]
[SourceVersionDate "2021.10.06"]
[SourceQuality "1"]
[WhiteTeam "Neubrandenburg SG Eintracht II"]
[BlackTeam "Neubrandenburg SV Turbine"]
[WhiteTeamCountry "GER"]
[BlackTeamCountry "GER"]

1. e4 c5 2. Nf3 Nc6 3. d4 cxd4 4. Nxd4 Nf6 5. Nc3 d6 6. Be2 a6 7. 0-0 e5 8. Nb3 Be6 9. Be3 Be7 10. Bf3 0-0 11. Qe2 Qc7 12. Rfd1 Rac8 13. Rac1 b5 14. h3 Rfe8 15. Qd2 Qb8 16. Bg5 Bxb3 17. axb3 Nd4 18. Qd3 b4 19. Ne2 Nxe4 20. Bxe7 Nc5 21. Qe3 Nxe2+ 22. Bxe2 Rxe7 23. Bc4 a5 24. Rd5 Nb7 25. Qb6 Qc7 26. Qe3 Nc5 27. Rcd1 Re6 28. R5d2 Rf6 29. Rd5 h6 30. f3 a4 31. Qd2 Qb6 32. Kh2 Nb7 33. Rb5 Qc7 34. Qd5 Nc5 35. Rxb4 axb3 36. cxb3 Qa5 37. Rb5 Qa8 38. b4 Qxd5 39. Rxd5 Na4 40. Bd3 Nxb2 41. Be4 Nc4 42. Rb7 Ne3 43. Rdb5 g6 44. Rb8 Rxb8 45. Rxb8+ Kg7 46. Rd8 Re6 47. b5 d5 48. Bxd5 Nxd5 49. Rxd5 Kf6 50. Kg3 Rb6 51. f4 exf4+ 52. Kxf4 Ke6 53. Ke4 f5+ 54. Kd4 g5 55. Re5+ Kf6 56. Rc5 Rd6+ 57. Rd5 Re6 58. Rd7 Re2 59. Rd6+ Ke7 60. Rxh6 Rxg2 61. Ke5 g4 62. hxg4 fxg4 63. Rh7+ Kd8 64. Kd6 Kc8 65. Kc6 Rc2+ 66. Kb6 g3 67. Rg7 g2 68. Rg8+ Kd7 69. Kb7 Ke7 70. b6 Kd7 71. Rg7+ Kd6 72. Kb8 Rb2 73. b7 Rc2 74. Rg6+ 1/2-1/2

[Event "GER-ch Seniors Gp-B 19th"]
[Site "Templin"]
[Date "2007.08.29"]
[Round "7"]
[White "Mellenthin, Horst"]
[Black "Meyer, Detlef"]
[Result "1/2-1/2"]
[WhiteElo "1658"]
[BlackElo "1778"]
[PlyCount "99"]
[EventDate "2007.08.23"]
[EventType "swiss"]
[EventRounds "9"]
[EventCountry "GER"]
[SourceTitle "EXT 2022"]
[Source "ChessBase"]
[SourceDate "2021.10.06"]
[SourceVersion "1"]
[SourceVersionDate "2021.10.06"]
[SourceQuality "1"]

1. e4 e6 2. d4 d5 3. Nd2 c5 4. exd5 Qxd5 5. Ngf3 Nc6 6. Bc4 Qd8 7. Nb3 cxd4 8. Nbxd4 Nxd4 9. Qxd4 Qxd4 10. Nxd4 a6 11. Be2 Bd7 12. Bf3 0-0-0 13. 0-0 Bc5 14. Nb3 Bb6 15. Re1 Ne7 16. Be3 Bc7 17. Nc5 Bc6 18. Bxc6 Nxc6 19. c3 Rd5 20. Rad1 Rhd8 21. Rxd5 Rxd5 22. Nb3 Ne5 23. Bd4 Nd3 24. Rb1 e5 25. c4 Rd6 26. Bc3 f6 27. Kf1 e4 28. g3 Rd7 29. Bd4 b6 30. Ke2 a5 31. a4 Kb7 32. f3 f5 33. fxe4 fxe4 34. Ke3 Re7 35. Nd2 Nb4 36. Nxe4 Nc2+ 37. Kd3 Nxd4 38. Kxd4 Kc6 39. Ke3 Re6 40. Rd1 Be5 41. b3 Bf6 42. Rd5 Re5 43. Rxe5 Bxe5 44. Kf3 Kd7 45. Kg4 Bb2 46. Kf5 Ke7 47. Nf2 g6+ 48. Ke4 Kd6 49. Nd3 Bc3 50. Nf4 1/2-1/2

[Event "GER-ch Seniors Gp-B 19th"]
[Site "Templin"]
[Date "2007.08.25"]
[Round "3"]
[White "Meyer, Detlef"]
[Black "Finzer, Lothar"]
[Result "1-0"]
[WhiteElo "1778"]
[BlackElo "1671"]
[PlyCount "109"]
[EventDate "2007.08.23"]
[EventType "swiss"]
[EventRounds "9"]
[EventCountry "GER"]
[SourceTitle "EXT 2022"]
[Source "ChessBase"]
[SourceDate "2021.10.06"]
[SourceVersion "1"]
[SourceVersionDate "2021.10.06"]
[SourceQuality "1"]

1. e4 c6 2. d4 e6 3. c4 d5 4. exd5 exd5 5. c5 h6 6. Bd3 Nf6 7. Nf3 Be7 8. 0-0 0-0 9. Bf4 Re8 10. Nbd2 Nbd7 11. Re1 Nf8 12. Ne5 Ne6 13. Be3 Bf8 14. f4 Qc7 15. Qc2 Be7 16. Ndf3 Nf8 17. Bf2 Ng4 18. Bg3 Nxe5 19. Nxe5 Bf6 20. Qf2 Qd8 21. h3 Re7 22. Rad1 Ne6 23. Bb1 Kh8 24. Qc2 Qg8 25. Nf3 Bd7 26. Qb3 Bc8 27. Re2 Nxd4 28. Rxd4 Rxe2 29. Ne5 Be7 30. Qc3 Qf8 31. b4 a5 32. a3 axb4 33. axb4 Rxe5 34. fxe5 f5 35. Kh2 Be6 36. Qc2 g6 37. Qd2 Bg5 38. Qc3 Ra7 39. Bc2 Qa8 40. h4 Ra3 41. Bb3 Be7 42. Qc2 Qa6 43. Rd1 Ra1 44. Rxa1 Qxa1 45. Qd2 Qb1 46. Qxh6+ Kg8 47. Qxg6+ Kf8 48. Qxe6 Qxb3 49. Qxf5+ Ke8 50. Qc8+ Kf7 51. Qxb7 d4 52. Qxc6 Qxb4 53. Qd5+ Ke8 54. c6 Bd8 55. Qd7+ 1-0

[Event "Mecklenburg VP Seniors op 10th"]
[Site "Plau am See"]
[Date "2006.04.06"]
[Round "4"]
[White "Mitscherling, Reinhard"]
[Black "Meyer, Detlef"]
[Result "1/2-1/2"]
[WhiteElo "1880"]
[BlackElo "1798"]
[PlyCount "56"]
[EventDate "2006.04.03"]
[EventType "swiss"]
[EventRounds "7"]
[EventCountry "GER"]
[SourceTitle "EXT 2007"]
[Source "ChessBase"]
[SourceDate "2006.11.23"]
[SourceVersion "1"]
[SourceVersionDate "2006.11.23"]
[SourceQuality "1"]

1. d4 d5 2. Nf3 Bf5 3. c4 e6 4. Nc3 c6 5. e3 Nf6 6. Bd3 Bxd3 7. Qxd3 Nbd7 8. 0-0 Bd6 9. e4 dxe4 10. Nxe4 Nxe4 11. Qxe4 0-0 12. Bd2 Rc8 13. Bc3 Re8 14. Ne5 f6 15. Nxd7 Qxd7 16. Rad1 Qf7 17. f4 Rcd8 18. Qf3 Rd7 19. Kh1 Red8 20. b3 Qe7 21. Qe4 Bc7 22. Rfe1 Re8 23. h3 Qd6 24. Rf1 Red8 25. Rde1 Re8 26. Qf3 Rf8 27. Qe4 Re8 28. Qf3 Rf8 1/2-1/2

[Event "GER-chA Seniors 16th"]
[Site "Templin"]
[Date "2004.09.12"]
[Round "9"]
[White "Meyer, Detlef"]
[Black "Ophoff, Rigobert"]
[Result "0-1"]
[WhiteElo "1776"]
[BlackElo "1854"]
[PlyCount "130"]
[EventDate "2004.09.04"]
[EventType "swiss"]
[EventRounds "9"]
[EventCountry "GER"]
[SourceTitle "EXT 2005"]
[Source "ChessBase"]
[SourceDate "2004.11.15"]
[SourceVersion "1"]
[SourceVersionDate "2004.11.15"]
[SourceQuality "1"]

1. e4 c5 2. Nf3 d6 3. d4 cxd4 4. Nxd4 Nf6 5. Nc3 a6 6. Be2 e6 7. 0-0 Be7 8. Be3 Qc7 9. Kh1 0-0 10. f4 b5 11. a3 Bb7 12. Bf3 Nbd7 13. Qe2 Rac8 14. Bf2 Rfd8 15. Rad1 Nb6 16. e5 dxe5 17. fxe5 Nfd5 18. Nxd5 Bxd5 19. Bxd5 Nxd5 20. Bg3 Bc5 21. c3 Rd7 22. Rf3 Ne7 23. Rdf1 Bxd4 24. cxd4 Nd5 25. Qe4 Qc2 26. Qg4 Qg6 27. Qxg6 hxg6 28. Kg1 Rc2 29. R1f2 Rc1+ 30. Rf1 Rxf1+ 31. Kxf1 Rc7 32. Be1 Rc2 33. Rf2 Ne3+ 34. Kg1 Rc1 35. Re2 Nc2 36. Kf2 Nxd4 37. Rd2 Nc6 38. Re2 Rc5 39. Bc3 a5 40. Re4 b4 41. axb4 axb4 42. Bxb4 Rc2+ 43. Kf3 Rxb2 44. Bd6 Rd2 45. h4 Rd4 46. g4 Rxe4 47. Kxe4 f6 48. exf6 gxf6 49. Kf4 Kf7 50. Bc5 Ne5 51. Bd6 Nd7 52. Bb4 e5+ 53. Ke4 Ke6 54. Ba3 f5+ 55. gxf5+ gxf5+ 56. Ke3 Nf6 57. Kf3 Nh5 58. Bc1 Kd5 59. Be3 Kc4 60. Bg5 Kd3 61. Bh6 e4+ 62. Kf2 f4 63. Bg5 e3+ 64. Ke1 f3 65. Be7 f2+ 0-1

[Event "GER-chA Seniors 16th"]
[Site "Templin"]
[Date "2004.09.10"]
[Round "7"]
[White "Meyer, Detlef"]
[Black "Wulf, Adalbert"]
[Result "1/2-1/2"]
[WhiteElo "1776"]
[BlackElo "1821"]
[PlyCount "73"]
[EventDate "2004.09.04"]
[EventType "swiss"]
[EventRounds "9"]
[EventCountry "GER"]
[SourceTitle "EXT 2005"]
[Source "ChessBase"]
[SourceDate "2004.11.15"]
[SourceVersion "1"]
[SourceVersionDate "2004.11.15"]
[SourceQuality "1"]

1. e4 d5 2. exd5 Nf6 3. Nc3 Nxd5 4. Nxd5 Qxd5 5. Qf3 e6 6. Bd3 Qxf3 7. Nxf3 Nc6 8. c3 Bd7 9. Bc2 e5 10. 0-0 f6 11. Re1 0-0-0 12. d3 Bf5 13. Rd1 g5 14. Ne1 h6 15. Be3 Kb8 16. Rac1 Bg7 17. Ba4 Bd7 18. d4 e4 19. b4 Ne7 20. Bc2 f5 21. Bb3 f4 22. Bd2 Nf5 23. Nc2 Rhe8 24. Re1 Re7 25. Rcd1 Rde8 26. a4 e3 27. fxe3 Nxe3 28. Bxe3 fxe3 29. Rd3 e2 30. b5 g4 31. Bc4 Bf6 32. Rd2 Bg5 33. Rdxe2 Rxe2 34. Rxe2 Rxe2 35. Bxe2 Bd2 36. c4 Bf5 37. Bd1 1/2-1/2